Diálogo con la jurisprudencia : (Registro nro. 21716)

Detalles MARC
000 -Cabecera
Campo de control interno 01535nam a2200277Ia 4500
005 - Fecha y hora del registro
control field 20260320113306.0
008 - Elementos de Longitud Fija
fixed length control field 260320s9999||||xx |||||||||||||| ||und||
022 ## - ISSN
ISSN 18129587
041 ## - Idioma
Codigo Idioma ESP
082 ## - DEWEY y NOTACIÓN INTERNA
Dewey HR 340 JUN 2025
Notación Interna DJ
100 ## - AUTOR
Autor denominación
Término de relación
110 ## - AUTOR INSTTITUCIONAL
Autor Institucional Gaceta Jurídica
245 #0 - TÍTULO DE MATERIAL BIBLIOGRÁFICO
Título Diálogo con la jurisprudencia :
Título paralelo actualidad jurisprudencial para jueces, fiscales y abogados litigantes
246 ## - TÍTULO TRADUCIDO
Título
Título paralelo
Autor
260 ## - CIUDAD, EDITORIAL, AÑO
Ciudad Lima :
Nombre de la Editorial Gaceta Jurídica,
Año 2025
300 ## - DESCRIPCIÓN
N° Páginas 248 páginas :
Otros detalles tablas ;
Dimensiones 25 cm.
Material Adicional
440 ## - MENCIÓN DE SERIE
Título de la Serie
Número de Serie
Volumen de Serie
505 ## - TABLA DE CONTENIDO
Tabla de Contenido N° 321 (2025) CONTENIDO - Información pública, autodeterminación informativa y función notarial - Recientes modificaciones en el proceso de sucesión intestada - La correcta calificación del recurso de casación excepcional - La prueba indiciaria en casos de tráfico ilícito de drogas - Un caso de despido nulo por orientación sexual - Descripción del objeto social de una sociedad anónima cerrada - El principio de prohibición de reforma en peor INFORME ESPECIAL Caso Ministerio Público vs. Junta Nacional de Justicia INFORME JURISPRUDENCIAL La buena fe-diligencia y la protección registral de las adquisiciones de derechos inscritos
650 ## - TEMAS
Temas Ciencias Sociales
653 ## - DESCRIPTORES
Lenguajes no controlado Derecho - Revista
654 ## - PROGRAMAS
Programa
700 ## - OTROS AUTORES
Otros autores
Títulos y otras palabras asociadas con el nombre
856 ## - URL - UBICACIÓN
URI/URL: Enlace exacto del recurso <a href="https://app-vlex-com.ucsp.lookproxy.com/search/type:source+jurisdiction:PE,XM+content_type:4+source_type:02.01,02.02,02.03,02.04,02.05/*">https://app-vlex-com.ucsp.lookproxy.com/search/type:source+jurisdiction:PE,XM+content_type:4+source_type:02.01,02.02,02.03,02.04,02.05/*</a>
Nota pública: Versión digital <a href="Véase además: Base de datos Vlex">Véase además: Base de datos Vlex</a>
942 ## - ELEMENTOS DE KOHA
Tipo de documento Revista
Nombre del creador Justo Noguera
Código de catalogador Margarita Torres
Esquema de clasificación Dewey Decimal Classification
Suppress in OPAC
Existencias
Codigo completo Registro Colección Copia número Disponibilidad Tipo de préstamo Biblioteca Actual Procedencia (Biblioteca) Ubicacón Fecha Ingreso Tipo de Adquisición Date last seen Total checkouts Price effective from Tipo de Item Estado del Material Fuente de Clasificación Damaged status Withdrawn status
HR 340 JUN 2025 DJ 1085263 Universidad Católica San Pablo 1 Disponible Disponible Víctor Andrés Belaunde Víctor Andrés Belaunde Planta baja abierta 08/04/2026 Compra 08/04/2026   08/04/2026 Revista Bueno Dewey Decimal Classification